Zhodnotenie vplyvu finančnej krízy na rentabilitu a likviditu vybraných bánk zoskupenia Raiffeisen Zentralbank Österreich AG (RZB) bakalárska práca

Saved in:
Bibliographic Details
Main Author: Miklušová, Jarmila
Corporate Author: Podnikovohospodárska fakulta EU so sídlom v Košiciach. Katedra ekonómie
Other Authors: Hudák, Igor, 1985-
Format: Book
Language:Slovak
Published: Košice 2011
Tags: Add Tag
No Tags, Be the first to tag this record!

MARC

LEADER 00000nbm a2200000 4500
001 0139409
005 20240827093427.3
041 0 |a slo 
044 |a SK 
245 1 0 |a Zhodnotenie vplyvu finančnej krízy na rentabilitu a likviditu vybraných bánk zoskupenia Raiffeisen Zentralbank Österreich AG (RZB)  |b bakalárska práca  |c Jarmila Miklušová ; školiteľ:Igor Hudák 
264 1 |a Košice  |c 2011 
300 |a 53 s. 
100 1 |a Miklušová, Jarmila 
700 1 |a Hudák, Igor, 1985- 
710 2 |a Podnikovohospodárska fakulta EU so sídlom v Košiciach. Katedra ekonómie